<?xml version="1.0" encoding="UTF-8"?>
<record
    xmlns:xsi="http://www.w3.org/2001/XMLSchema-instance"
    xsi:schemaLocation="http://www.loc.gov/MARC21/slim http://www.loc.gov/standards/marcxml/schema/MARC21slim.xsd"
    xmlns="http://www.loc.gov/MARC21/slim">

  <leader>01155nam a22002777a 4500</leader>
  <controlfield tag="005">20130704130246.0</controlfield>
  <controlfield tag="008">090714t        xxu||||| |||| 00| 0 hin d</controlfield>
  <datafield tag="010" ind1=" " ind2=" ">
    <subfield code="a">HIN-99697</subfield>
  </datafield>
  <datafield tag="020" ind1=" " ind2=" ">
    <subfield code="a">9788190683753</subfield>
    <subfield code="c">175.00</subfield>
  </datafield>
  <datafield tag="035" ind1=" " ind2=" ">
    <subfield code="a">HN-72043</subfield>
  </datafield>
  <datafield tag="037" ind1=" " ind2=" ">
    <subfield code="b">DBAD / PUB</subfield>
  </datafield>
  <datafield tag="040" ind1=" " ind2=" ">
    <subfield code="a">dpl</subfield>
    <subfield code="b">hn</subfield>
  </datafield>
  <datafield tag="082" ind1=" " ind2=" ">
    <subfield code="a">954.01</subfield>
  </datafield>
  <datafield tag="100" ind1=" " ind2=" ">
    <subfield code="a">&#x92A;&#x93E;&#x920;&#x915;, &#x915;&#x943;&#x937;&#x94D;&#x923;&#x93E; &#x915;&#x93E;&#x928;&#x94D;&#x924; </subfield>
  </datafield>
  <datafield tag="245" ind1=" " ind2=" ">
    <subfield code="a">&#x906;&#x930;&#x94D;&#x92F;&#x93E;&#x92F;&#x923; &#x936;&#x93E;&#x915;&#x926;&#x94D;&#x935;&#x940;&#x92A; &#x938;&#x947; &#x91C;&#x92E;&#x94D;&#x92C;&#x942;&#x926;&#x94D;&#x935;&#x940;&#x92A;  /</subfield>
    <subfield code="c">&#x915;&#x943;&#x937;&#x94D;&#x923;&#x93E; &#x915;&#x93E;&#x928;&#x94D;&#x924; &#x92A;&#x93E;&#x920;&#x915; </subfield>
  </datafield>
  <datafield tag="246" ind1=" " ind2=" ">
    <subfield code="a">Aryayan</subfield>
    <subfield code="b">by Krishna Kant Pathak </subfield>
  </datafield>
  <datafield tag="250" ind1=" " ind2=" ">
    <subfield code="a">2&#x930;&#x93E; &#x938;&#x902;&#x938;&#x94D;&#x915;</subfield>
  </datafield>
  <datafield tag="260" ind1=" " ind2=" ">
    <subfield code="a">&#x92C;&#x940;&#x915;&#x93E;&#x928;&#x947;&#x930;</subfield>
    <subfield code="b">&#x935;&#x93F;&#x915;&#x93E;&#x938; &#x92A;&#x94D;&#x930;&#x915;&#x93E;&#x936;&#x928; </subfield>
    <subfield code="c">2010</subfield>
  </datafield>
  <datafield tag="270" ind1=" " ind2=" ">
    <subfield code="a">&#x91C;&#x941;&#x92C;&#x932;&#x940; &#x928;&#x93E;&#x917;&#x930;&#x940; &#x92D;&#x923;&#x94D;&#x921;&#x93E;&#x930;,&#x938;&#x94D;&#x91F;&#x947;&#x936;&#x928; &#x930;&#x94B;&#x921;,</subfield>
    <subfield code="b">&#x92C;&#x940;&#x915;&#x93E;&#x928;&#x947;&#x930; </subfield>
    <subfield code="e">334001</subfield>
    <subfield code="k">0151-2541508</subfield>
  </datafield>
  <datafield tag="300" ind1=" " ind2=" ">
    <subfield code="a">158&#x92A;&#x943;..</subfield>
    <subfield code="c">22&#x938;&#x947;&#x92E;&#x940;  (&#x938;&#x91C;&#x93F;&#x932;&#x94D;&#x926;) </subfield>
    <subfield code="b">&#x938;&#x91A;&#x93F;&#x924;&#x94D;&#x930;</subfield>
  </datafield>
  <datafield tag="650" ind1=" " ind2=" ">
    <subfield code="a">&#x92D;&#x93E;&#x930;&#x924;&#x940;&#x92F;-&#x906;&#x930;&#x94D;&#x92F; </subfield>
  </datafield>
  <datafield tag="650" ind1=" " ind2=" ">
    <subfield code="a">Indo-Aryans</subfield>
  </datafield>
  <datafield tag="651" ind1=" " ind2=" ">
    <subfield code="a">&#x92D;&#x93E;&#x930;&#x924; </subfield>
    <subfield code="x">&#x938;&#x92D;&#x94D;&#x92F;&#x924;&#x93E; </subfield>
  </datafield>
  <datafield tag="651" ind1=" " ind2=" ">
    <subfield code="a">India</subfield>
    <subfield code="x">Civilization</subfield>
  </datafield>
  <datafield tag="942" ind1=" " ind2=" ">
    <subfield code="2">ddc</subfield>
    <subfield code="c">HN</subfield>
    <subfield code="m">&#x92A;&#x93E;&#x920;&#x915; </subfield>
    <subfield code="h">954.01</subfield>
  </datafield>
  <datafield tag="999" ind1=" " ind2=" ">
    <subfield code="c">77185</subfield>
    <subfield code="d">77185</subfield>
  </datafield>
  <datafield tag="952" ind1=" " ind2=" ">
    <subfield code="0">0</subfield>
    <subfield code="1">0</subfield>
    <subfield code="2">ddc</subfield>
    <subfield code="4">0</subfield>
    <subfield code="7">1</subfield>
    <subfield code="8">NFIC</subfield>
    <subfield code="a">DBAD</subfield>
    <subfield code="b">DBAD</subfield>
    <subfield code="d">2013-07-04</subfield>
    <subfield code="e">DBAD / PUB</subfield>
    <subfield code="g">175.00</subfield>
    <subfield code="l">0</subfield>
    <subfield code="o">954.01 &#x92A;&#x93E;&#x920;&#x915;</subfield>
    <subfield code="p">HN-72043</subfield>
    <subfield code="r">2013-07-04 00:00:00</subfield>
    <subfield code="t">1</subfield>
    <subfield code="v">175.00</subfield>
    <subfield code="w">2013-07-04</subfield>
    <subfield code="y">HN</subfield>
  </datafield>
</record>
